| 000 | 01893nam a2200493Ii 4500 | ||
|---|---|---|---|
| 001 | DIGCOLMX0277 | ||
| 003 | NyNyDIG | ||
| 007 | cr ||||||||||| | ||
| 008 | 220126s2010 mx a ob 000 0 spa d | ||
| 006 | m o d | ||
| 035 | _a(OCoLC)915940600 | ||
| 040 |
_aDGITA _beng _erda _epn _cDGITA |
||
| 020 |
_a9786074624663 _qeBook |
||
| 020 | _z9786074621471 | ||
| 043 | _an-mx--- | ||
| 050 | 1 | 4 | _aJL1231 ebook |
| 082 | 1 | 4 | _a320.972 |
| 245 | 0 | 0 |
_aInstituciones y procesos políticos / _cSoledad Loaeza y Jean-François Prud'homme, coordinadores. |
| 250 | _aPrimera edición. | ||
| 264 | 1 |
_aMéxico, D.F. : _bEl Colegio de México, _c2010. |
|
| 300 |
_a1 online resource : _billustrations. |
||
| 336 |
_atext _btxt _2rdacontent |
||
| 337 |
_acomputer _bc _2rdamedia |
||
| 338 |
_aonline resource _bcr _2rdacarrier |
||
| 347 |
_atext file _2rdaft |
||
| 347 | _bEPUB | ||
| 490 | 1 |
_aLos grandes problemas de México ; _vXIV |
|
| 504 | _aIncludes bibliographical references. | ||
| 588 | 0 | _aOnline resource; title from ePub title page (Digitalia, viewed January 26, 2021) | |
| 651 | 0 |
_aMexico _xPolitics and government _y20th century. |
|
| 650 | 0 |
_aDemocracy _zMexico _xHistory _y20th century. |
|
| 650 | 0 |
_aPolitical culture _zMexico. |
|
| 650 | 0 |
_aNationalism _zMexico _xHistory _y20th century. |
|
| 655 | 0 | _aElectronic books. | |
| 700 | 1 |
_aLoaeza, Soledad, _eeditor. |
|
| 700 | 1 |
_aPrud'homme, Jean François, _eeditor. |
|
| 791 | 2 |
_aDigitalia (Firm), _edistributor. |
|
| 793 | 0 |
_gDigitalia eBook Collection: _aEl Colegio de México |
|
| 776 | 0 | 8 |
_iPrint version: _tInstituciones y procesos políticos. _bPrimera edición. _dMéxico, D.F. : El Colegio de México, 2010 _z9786074621471 |
| 830 | 0 |
_aGrandes problemas de México ; _v14. |
|
| 856 | 4 | 0 |
_3Digitalia Hispánica _uhttps://www.digitaliapublishing.com/a/105637/ |
| 910 | _aPremium collection: 2022 | ||
| 942 | _cRAA | ||
| 999 |
_c271476 _d271476 |
||